Revista de derecho

Detalles Bibliográficos
Autor Corporativo: Universidad Catl̤ica de Valparas̕o
Formato: Desconocido
Lenguaje:español
Publicado: Valparas̕o (Chile) : Universidad Catl̤ica de Valparas̕o
Materias:
Acceso en línea:Acceso restringido

MARC

LEADER 00000ny a22000003n 4500
005 20110516095425.0
008 091119s19uu cl ar p 000 spa d
022 |a 0716-1883 
035 |a 5141 
040 |a CIRBIC.  |c VL  |d vLex 
080 |a 34(05) 
090 |c 1915  |d 1915 
245 1 0 |a Revista de derecho  |h [Recurso electrn̤ico] 
256 |a Servicio en ln̕ea 
260 |a Valparas̕o (Chile) :  |b Universidad Catl̤ica de Valparas̕o 
310 |a Anual 
506 1 |a Contenido solo disponible en los productos indicados  |d vLex Global  |d vLex Global (Academic Edition, excluding Law Schools)  |d vLex Global (U.S. Academic Edition, excluding Law Schools) 
650 0 4 |a Derecho  |x Publicaciones periodicas 
710 2 |a Universidad Catl̤ica de Valparas̕o 
740 |a vLex Revista (Servicios en ln̕ea) 
843 |a Electrn̤ica. Abierta 
853 |8 1  |i (year)  |j (month)  |k (day) 
856 4 0 |z Acceso restringido  |u http://vlex.com/account/login_ip?fuente_id=5141 
942 |c REV 
999 4 |a Derecho-